<The> End of American World Order

Saved in:
Bibliographic Details
Main Author: Acharya, Amitav
Format: Book
Language:English
Published: Cambridge Polity Press 2018
Edition:2nd Edition
Subjects:
Tags: Add Tag
No Tags, Be the first to tag this record!

MARC

LEADER 00000nam a2200000 4500
001 0241175
005 20221220065530.1
020 |a 978-1-5095-1708-4 
020 |a 978-1-5095-1707-7 
041 0 |a eng 
044 |a GB 
245 1 0 |a <The> End of American World Order  |c Amitav Acharya 
250 |a 2nd Edition 
264 1 |a Cambridge  |b Polity Press  |c 2018 
300 |a 217 s. 
610 2 0 |a politika svetová 
610 2 0 |a politika zahraničná 
610 2 0 |a vzťahy zahraničné 
610 2 0 |a regióny 
610 2 0 |a vzťahy medzinárodné 
610 2 0 |a politika medzinárodná 
610 2 0 |a vývoj politický 
610 2 0 |a prognózy 
610 2 0 |a svet 
610 2 0 |a Amerika 
100 1 |a Acharya, Amitav